Learning Resource and Development

The shadow arts : (Record no. 31595)

MARC details
000 -LEADER
fixed length control field 03257cam a2200625 i 4500
001 - CONTROL NUMBER
control field 21747447
003 - CONTROL NUMBER IDENTIFIER
control field CSPC
005 - DATE AND TIME OF LATEST TRANSACTION
control field 20260129155709.0
008 - FIXED-LENGTH DATA ELEMENTS--GENERAL INFORMATION
fixed length control field 201008s2020 nyu c 000 1 eng d
010 ## - LIBRARY OF CONGRESS CONTROL NUMBER
LC control number 2020288569
020 ## - INTERNATIONAL STANDARD BOOK NUMBER
International Standard Book Number 9781786079381
Qualifying information (hardcover)
035 ## - SYSTEM CONTROL NUMBER
System control number 21747447
035 ## - SYSTEM CONTROL NUMBER
System control number (OCoLC)1142099942
040 ## - CATALOGING SOURCE
Original cataloging agency IGA
Language of cataloging eng
Description conventions rda
Transcribing agency IGA
Modifying agency UAP
-- BKL
-- OCLCF
-- DLC
-- CSPC
042 ## - AUTHENTICATION CODE
Authentication code lccopycat
043 ## - GEOGRAPHIC AREA CODE
Geographic area code e------
050 00 - LIBRARY OF CONGRESS CALL NUMBER
Classification number PZ7.1.L7293
Item number .L684 2021
100 1# - MAIN ENTRY--PERSONAL NAME
Personal name Love, Damien,
Relator term author.
245 14 - TITLE STATEMENT
Title The shadow arts :
Remainder of title a sequel to monstrous devices /
Statement of responsibility, etc. Damien Love.
264 #1 - PRODUCTION, PUBLICATION, DISTRIBUTION, MANUFACTURE, AND COPYRIGHT NOTICE
Place of production, publication, distribution, manufacture London :
Name of producer, publisher, distributor, manufacturer Rock the Boat,
Date of production, publication, distribution, manufacture, or copyright notice 2021.
300 ## - PHYSICAL DESCRIPTION
Extent 407 pages ;
Dimensions 22 cm.
336 ## - CONTENT TYPE
Content type term text
Content type code txt
Source rdacontent
337 ## - MEDIA TYPE
Media type term unmediated
Media type code n
Source rdamedia
338 ## - CARRIER TYPE
Carrier type term volume
Carrier type code nc
Source rdacarrier
500 ## - GENERAL NOTE
General note Sequel to: Monstrous devices.
520 ## - SUMMARY, ETC.
Summary, etc. Alex and his grandfather hold the fate of history itself in their hands in a Rick Riordan meets Raiders of the Lost Ark adventure of epic proportions!
520 ## - SUMMARY, ETC.
Summary, etc. "A few months ago, Alex's world changed...forever. Now, just when it seems life is almost getting back to normal, Alex's grandfather crashes back into the picture with grave news: their friend Harry has fallen into the clutches of a familiar foe, and the old man needs Alex's help to rescue him. This time, the duo's desperate dash across Europe leads from Paris deep into Germany's foreboding Black Forest, as they chase down the mystery Harry had been investigating when he disappeared. A series of art thefts has made headlines across the continent, but the thieves are after more than priceless paintings. In the wrong hands, these stolen artifacts could unlock an ancient secret bigger than anything Alex ever dreamed of. If they can't solve the riddle in time, innocent lives - and even history itself - could be at stake" --
Assigning source Amazon.com
650 #0 - SUBJECT ADDED ENTRY--TOPICAL TERM
Topical term or geographic name entry element Grandfathers
Form subdivision Juvenile fiction.
650 #0 - SUBJECT ADDED ENTRY--TOPICAL TERM
Topical term or geographic name entry element Missing persons
Form subdivision Juvenile fiction.
650 #0 - SUBJECT ADDED ENTRY--TOPICAL TERM
Topical term or geographic name entry element Thieves
Form subdivision Juvenile fiction.
650 #0 - SUBJECT ADDED ENTRY--TOPICAL TERM
Topical term or geographic name entry element Art thefts
Form subdivision Juvenile fiction.
650 #0 - SUBJECT ADDED ENTRY--TOPICAL TERM
Topical term or geographic name entry element Magic
Form subdivision Juvenile fiction.
650 #1 - SUBJECT ADDED ENTRY--TOPICAL TERM
Topical term or geographic name entry element Grandfathers
Form subdivision Fiction.
650 #1 - SUBJECT ADDED ENTRY--TOPICAL TERM
Topical term or geographic name entry element Adventure and adventurers
Form subdivision Fiction.
650 #1 - SUBJECT ADDED ENTRY--TOPICAL TERM
Topical term or geographic name entry element Robbers and outlaws
Form subdivision Fiction.
650 #7 - SUBJECT ADDED ENTRY--TOPICAL TERM
Topical term or geographic name entry element Art thefts.
Source of heading or term fast
Authority record control number or standard number (OCoLC)fst00815827
650 #7 - SUBJECT ADDED ENTRY--TOPICAL TERM
Topical term or geographic name entry element Grandfathers.
Source of heading or term fast
Authority record control number or standard number (OCoLC)fst00946347
650 #7 - SUBJECT ADDED ENTRY--TOPICAL TERM
Topical term or geographic name entry element Magic.
Source of heading or term fast
Authority record control number or standard number (OCoLC)fst01005468
650 #7 - SUBJECT ADDED ENTRY--TOPICAL TERM
Topical term or geographic name entry element Missing persons.
Source of heading or term fast
Authority record control number or standard number (OCoLC)fst01023702
650 #7 - SUBJECT ADDED ENTRY--TOPICAL TERM
Topical term or geographic name entry element Thieves.
Source of heading or term fast
Authority record control number or standard number (OCoLC)fst01149995
651 #0 - SUBJECT ADDED ENTRY--GEOGRAPHIC NAME
Geographic name Europe
Form subdivision Juvenile fiction.
651 #7 - SUBJECT ADDED ENTRY--GEOGRAPHIC NAME
Geographic name Europe.
Source of heading or term fast
Authority record control number or standard number (OCoLC)fst01245064
655 #0 - INDEX TERM--GENRE/FORM
Genre/form data or focus term Adventure stories.
655 #7 - INDEX TERM--GENRE/FORM
Genre/form data or focus term Action and adventure fiction.
Source of term fast
Authority record control number or standard number (OCoLC)fst01921574
655 #7 - INDEX TERM--GENRE/FORM
Genre/form data or focus term Adventure stories.
Source of term fast
Authority record control number or standard number (OCoLC)fst01726519
655 #7 - INDEX TERM--GENRE/FORM
Genre/form data or focus term Fantasy fiction.
Source of term fast
Authority record control number or standard number (OCoLC)fst01726607
655 #7 - INDEX TERM--GENRE/FORM
Genre/form data or focus term Fiction.
Source of term fast
Authority record control number or standard number (OCoLC)fst01423787
655 #7 - INDEX TERM--GENRE/FORM
Genre/form data or focus term Juvenile works.
Source of term fast
Authority record control number or standard number (OCoLC)fst01411637
655 #7 - INDEX TERM--GENRE/FORM
Genre/form data or focus term Fantasy fiction.
Source of term lcgft
655 #7 - INDEX TERM--GENRE/FORM
Genre/form data or focus term Action and adventure fiction.
Source of term lcgft
906 ## - LOCAL DATA ELEMENT F, LDF (RLIN)
a 7
b cbc
c copycat
d 2
e ncip
f 20
g y-gencatlg
942 ## - ADDED ENTRY ELEMENTS (KOHA)
Source of classification or shelving scheme Dewey Decimal Classification
Koha item type Books
Item part L941s
Call number prefix FIC
Call number suffix 2021
Suppress in OPAC No
Holdings
Withdrawn status Lost status Source of classification or shelving scheme Damaged status Not for loan Home library Current library Shelving location Date acquired Total Checkouts Full call number Barcode Date last seen Copy number Price effective from Koha item type
    Dewey Decimal Classification     Main Library Main Library Fiction Section 01/26/2026   FIC L941s 2021 031096 01/26/2026 1-1 01/26/2026 Books